000 00763am a2200289a 44500
003 AR-BaBNM
005 20251128211007.0
008 200531s1980 Arg|||||||||||000 | esp||
040 _cAR-BaBNM
100 1 _aRomero Carranza, Ambrosio
245 1 0 _aEl terrorismo en la historia universal y en la Argentina
260 _aBuenos Aires
_bDepalma
_c1980
300 _a294 p.
490 0 _aHumanismo y terror
_vv. 7
610 2 4 _aIGLESIA CATOLICA
650 4 _aHISTORIA ARGENTINA
650 4 _aTERRORISMO
650 4 _aHISTORIA POLITICA
650 4 _aIDEOLOGIAS
650 4 _aDERECHOS HUMANOS
650 4 _aJUSTICIA
650 4 _aIGLESIA CATOLICA
653 _aPERONISMO
800 1 _aAlonso PiƱeiro, Armando
942 _cBK
998 _cmariana
999 _c17799
_d17799